000 00371nam a2200133Ia 4500
008 191201s2019 xx 000 0 und d
082 _a547.5 GUC
100 _aGurtu, J.N
245 0 _aChemistry (Organic and Physical Chemistry Part-IV )
260 _bPragati Prakashan
_aNew Delhi
_c2019
300 _a311
650 _aPharmaceutical Organic Chemistry
942 _2ddc
_cBK
999 _c8355
_d8355